BEEF CATTLE PRODUCTION FROM TROPICAL PASTURES A DESCRIPIVE BIBLIOGRAPHY (Record no. 18637)

MARC details
000 -LEADER
fixed length control field 00505nam a22001817a 4500
003 - CONTROL NUMBER IDENTIFIER
control field OSt
005 - DATE AND TIME OF LATEST TRANSACTION
control field 20211117100645.0
008 - FIXED-LENGTH DATA ELEMENTS--GENERAL INFORMATION
fixed length control field 211117b |||||||| |||| 00| 0 eng d
020 ## - INTERNATIONAL STANDARD BOOK NUMBER
International Standard Book Number 92-9053-057-X
040 ## - CATALOGING SOURCE
Transcribing agency HAWASSA UNIVERSITY
050 ## - LIBRARY OF CONGRESS CALL NUMBER
Classification number 636.213/BUT
Item number 1
082 ## - DEWEY DECIMAL CLASSIFICATION NUMBER
Classification number 636.213/BUT/
Item number 1
100 ## - MAIN ENTRY--PERSONAL NAME
Personal name BUTTERWORTH M.H.
9 (RLIN) 18825
245 ## - TITLE STATEMENT
Title BEEF CATTLE PRODUCTION FROM TROPICAL PASTURES A DESCRIPIVE BIBLIOGRAPHY
260 ## - PUBLICATION, DISTRIBUTION, ETC.
Place of publication, distribution, etc. ADDIS ABABA ETHIOPIA
Name of publisher, distributor, etc. F
Date of publication, distribution, etc. 1985
300 ## - PHYSICAL DESCRIPTION
Extent 112
942 ## - ADDED ENTRY ELEMENTS (KOHA)
Source of classification or shelving scheme Dewey Decimal Classification
Koha item type Books like text book referance book
Suppress in OPAC No
Holdings
Withdrawn status Lost status Source of classification or shelving scheme Damaged status Not for loan Home library Current library Date acquired Full call number Barcode Date last seen Copy number Price effective from Koha item type Total Checkouts
    Dewey Decimal Classification     College of Agriculture Library College of Agriculture Library 11/17/2021 636.213/BUT ALIB0008952 11/17/2021 1 11/17/2021 Books like text book referance book  
    Dewey Decimal Classification     College of Agriculture Library College of Agriculture Library 11/17/2021 636.213/BUT ALIB0008953 11/17/2021 2 11/17/2021 Books like text book referance book